000 01013cam a2200289 i 4500
003 SA-RiAUC
005 20250524054446.0
008 250514s1999 sy g 00000 ara c
040 _aSA-RiAUC
_bara
_cSA-RiAUC
_erda
043 _aa-sy---
082 0 4 _a289.9
090 _a289.9
_bح م د
100 1 _aالحمد، محمد عبد الحميد،
_d1938-
_eمؤلف.
245 1 0 _aصابئة حران والتوحيد الدرزي /
_cمحمد عبد الحميد الحمد.
246 3 0 _aالتوحيد الدرزي
264 1 _aدمشق :
_bدار الطليعة الجديدة،
_c1999
300 _a215 صفحة ؛
_c24 سم
336 _aنص
_btxt
_2rdacontent
_3كتاب
337 _aبدون وسيط
_bn
_2rdamedia
338 _aمجلد
_bnc
_2rdacarrier
650 7 _aالصابئة
_2aucsh
650 7 _aالديانات القديمة
_2aucsh
650 7 _aالحرانية
_2aucsh
650 7 _aالدروز
_2aucsh
942 _2ddc
_cBOOK
_n0
949 _aSA-JeALM
_d250514
_umohamedma123
_n1
999 _c8324
_d8324